000 00281nam a22001337a 4500
008 170505b xxu||||| |||| 00| 0 eng d
020 _a0205125689
041 _aeng
080 _24TH
_a34
100 _a15
101 _aSHJ
245 _aBUSINESS LAW
_cFRASCONA
942 _2udc
_cBK
999 _c12772
_d12772